|
|
|
|
| LEADER |
00000nam0a2200000 4500 |
| 001 |
126401 |
| 005 |
20231101220007.0 |
| 035 |
|
|
|a (RuTPU)RU\TPU\book\136747
|
| 090 |
|
|
|a 126401
|
| 100 |
|
|
|a 20071127d1974 d y0rusy50 ca
|
| 101 |
1 |
|
|a rus
|c cze
|
| 102 |
|
|
|a RU
|
| 105 |
|
|
|a a z 000ay
|
| 200 |
1 |
|
|a Фиолетовый гром
|e юмористические рассказы
|e для среднего и старшего школьного возраста
|e пер с чеш.
|f Я. Гашек
|g сост. С. И. Востокова ; худож. Г. Ковенчук
|
| 210 |
|
|
|a Москва
|c Детская литература
|d 1974
|
| 215 |
|
|
|a 175 с.
|c ил.
|
| 330 |
|
|
|a В книгу включены антирелигиозные рассказы и широкоизвестные юморески классика чешской литературы Ярослава Гашека. Книга оформлена с большим вкусом: иллюстрированный форзацы, оригинальные рисунки.
|
| 606 |
1 |
|
|a Чешская литература
|2 stltpush
|3 (RuTPU)RU\TPU\subj\80268
|9 88014
|
| 610 |
1 |
|
|a детская литература
|
| 610 |
1 |
|
|a художественная литература
|
| 675 |
|
|
|a 885
|v 3
|
| 700 |
|
1 |
|a Гашек
|b Я.
|c чешский писатель-сатирик
|f 1883-1923
|g Ярослав
|2 stltpush
|3 (RuTPU)RU\TPU\pers\14063
|9 4546
|
| 702 |
|
1 |
|a Востокова
|b С. И.
|4 220
|
| 702 |
|
1 |
|a Ковенчук
|b Г.
|4 440
|
| 801 |
|
1 |
|a RU
|b 63413507
|c 20071127
|g PSBO
|
| 801 |
|
2 |
|a RU
|b 63413507
|c 20221010
|g RCR
|
| 942 |
|
|
|c BK
|